西江沿岸市县地图 Cities and counties by Xijiang map - Statistics

General Stats
  • This quiz has been taken 42 times
  • The average score is 12 of 22
Answers on the Map
Answers color-coded by a green-red scale on the quiz's map according to % correct below.
 
Answer Stats
省份 市县 % Correct
广东 中山市
89%
广东 珠海市
86%
广东 肇庆市
83%
广东 佛山市
83%
广东 江门市
83%
广西 梧州市
80%
广东 云浮市
71%
云南 曲靖市
66%
广西 来宾市
66%
广东 鹤山市
60%
广西 桂平市
54%
广东 封开县
54%
广西 藤县
46%
广东 郁南县
46%
广东 德庆县
43%
广西 合山市
37%
云南 宜良县
34%
广西 天峨县
34%
广西 大化瑶族自治县
34%
广西 平南县
31%
云南 陆良县
29%
广西 武宣县
26%
No matching quizzes found
Score Distribution
Percent of People with Each Score
Percentile by Number Answered
Your Score History
You have not taken this quiz